Podniková příručka

Saved in:
Bibliographic Details
Format: Book
Language:Czech
Published: Praha Státní nakladatelství technické literatury 1958
Tags: Add Tag
No Tags, Be the first to tag this record!

MARC

LEADER 00000nam a2200000 4500
001 c040690
005 20250930080146.5
041 0 |a cze 
044 |a CZ 
245 1 0 |a Podniková příručka  |c J. J. Čamra 
264 1 |a Praha  |b Státní nakladatelství technické literatury  |c 1958 
300 |a 255 s.